Pick the NATO Phonetic Alphabet Letter Quiz Stats

 Plays Quiz Updated May 7, 2019

Score 0/26 Timer 06:00
2 Plays Today
Question Answer Wrong Answers
C Charlie
96%
Cheese
0.8%
Cat
2%
Clock
0.7%
A Alpha
95.7%
Alligator
1.5%
Abraham
1%
Anchor
1.7%
D Delta
95.7%
Dog
1.6%
Duck
0.7%
Dragon
1.1%
B Bravo
88.7%
Baseball
2.8%
Bishop
3.3%
Badger
4.9%
F Foxtrot
88%
Flower
4.3%
Football
3.8%
Frozen
2.3%
W Whiskey
87.5%
Wales
1.7%
William
3%
Washington
2.5%
T Tango
86.6%
Trumpet
1.3%
Tweety
1%
Turkey
6.2%
O Oscar
86.4%
Ontario
3.3%
Oregon
2.7%
Oval
3.4%
G Golf
84.5%
Gorilla
4.7%
Grant
7.4%
Grenade
1.5%
H Hotel
79%
Hawaii
6.7%
Hawkeye
6.6%
Hammer
5.4%
X X-Ray
78.3%
Xavier
1.4%
Xenon
2.4%
Xylophone
12.5%
K Kilo
77.8%
Key
4.7%
Kiss
4%
Koala
10.2%
J Juliet
76%
Jamaica
7.6%
Jordan
3.6%
Jigsaw
9.9%
E Echo
74.7%
Elephant
3.7%
Eagle
15.7%
Electric
4.6%
N November
74.6%
Nevada
9%
North
7.4%
Norway
5%
Y Yankee
69%
Yukon
7.4%
Yakutsk
9.4%
Yahoo
8.8%
L Lima
68.6%
Llama
14.1%
Lion
8.1%
London
5.7%
Q Quebec
68.2%
Question
3.7%
Quarter
9.6%
Quail
13.9%
M Mike
66.2%
Mexico
15.1%
Mercury
10%
Magnet
4.8%
R Romeo
66%
Russia
1.7%
Rainbow
8.1%
Radar
19.6%
I India
65.2%
Indigo
22.8%
Iceberg
8.4%
Idea
1%
S Sierra
56.9%
Sawblade
2.2%
Saturn
25.6%
Saint
10.3%
P Papa
54.9%
Penguin
24.6%
Pause
9.6%
Phone
6.6%
V Victor
53.8%
Virginia
12.9%
Vision
14.2%
Vulture
13.9%
U Uniform
49%
Umbrella
23.7%
Unicorn
16.9%
Uranus
5.4%
Z Zulu
46.1%
Zero
1.4%
Zeta
7.6%
Zebra
39.4%

You're not logged in!

Compare scores with friends on all Sporcle quizzes.
OR
Log In

Sporcle TV

Today on Sporcle TV


Watch our educational content, quiz creation guides, and fun videos on Sporcle TV.

Show Comments

Extras

Top Quizzes Today


Score Distribution

Your Account Isn't Verified!

In order to create a playlist on Sporcle, you need to verify the email address you used during registration. Go to your Sporcle Settings to finish the process.

Report this User

Report this user for behavior that violates our Community Guidelines.

Details: